Top 20 best Portuguese football players of all time - Statistics

General Stats
  • This quiz has been taken 379 times
  • The average score is 11 of 20
Answer Stats
Hint Answer % Correct
5 Ballon d'Or, Real Madrid, Manchester United Cristiano Ronaldo
98%
Ballon d'Or 1965, Benfica Eusébio
95%
Ballon d'Or 2000, Barcelona, Real Madrid Luís Figo
95%
Defender, Real Madrid, Euro 2016 Pepe
89%
Offensive midfielder, Manchester City, Monaco Bernardo Silva
85%
Midfielder, Porto, Barcelona, 2 Champions League Deco
85%
Defender, Benfica, Manchester City Ruben Dias
84%
Full-back, Manchester City João Cancelo
77%
Defender, Chelsea, Real Madrid, Euro 2016 Ricardo Carvalho
76%
Offensive midfielder, Fiorentina, AC Milan, Champions League 2003 Rui Costa
74%
Striker of 2000s, Bordeaux, PSG Pauleta
52%
Goalkeeper, Porto, Champions League 2004 Vítor Baía
43%
Midfielder/Forward of 2000s, Benfica Nuno Gomes
35%
Forward, Porto, Atletico Madrid, Champions League 1987 Paulo Futre
34%
Striker, Porto, Champions League 1987 Fernando Gomes
32%
Midfielder, Benfica, 2 Champions League Mário Coluna
22%
Striker, Benfica, 2 Champions League José Águas
16%
Striker of 1940s, Sporting Lisbon Fernando Peyroteo
15%
Striker, Benfica, 2 Champions League José Torres
12%
Midfielder, Benfica, 2 Champions League José Augusto
11%
No matching quizzes found
Score Distribution
Percent of People with Each Score
Percentile by Number Answered
Your Score History
You have not taken this quiz